Eastern Utah Libraries Catalog: Duchesne, Heber, Roosevelt, & Vernal

Stuck on you / (Record no. 320912)

MARC details
000 -LEADER
fixed length control field 04837cgm a2200817Mi 4500
001 - CONTROL NUMBER
control field on1043781157
003 - CONTROL NUMBER IDENTIFIER
control field OCoLC
005 - DATE AND TIME OF LATEST TRANSACTION
control field 20200320221440.0
007 - PHYSICAL DESCRIPTION FIXED FIELD--GENERAL INFORMATION
fixed length control field vd cvaizq
008 - FIXED-LENGTH DATA ELEMENTS--GENERAL INFORMATION
fixed length control field 140411s2004 cau118 e vleng d
020 ## - INTERNATIONAL STANDARD BOOK NUMBER
International Standard Book Number 9786308366116
020 ## - INTERNATIONAL STANDARD BOOK NUMBER
International Standard Book Number 6308366110
024 7# - OTHER STANDARD IDENTIFIER
Standard number or code 00024543116516
Source of number or code gtin-14
024 1# - OTHER STANDARD IDENTIFIER
Standard number or code 024543116516
035 ## - SYSTEM CONTROL NUMBER
System control number (OCoLC)1043781157
040 ## - CATALOGING SOURCE
Original cataloging agency ETC
Language of cataloging eng
Transcribing agency ETC
Modifying agency OCLCO
-- OCLCF
-- OCLCQ
-- OCLCO
-- OCL
-- OCLCA
-- WACOL
049 ## - LOCAL HOLDINGS (OCLC)
Holding library WACL
092 ## - LOCALLY ASSIGNED DEWEY CALL NUMBER (OCLC)
Classification number DVD
Item number Stu
245 00 - TITLE STATEMENT
Title Stuck on you /
Statement of responsibility, etc Twentieth Century Fox presents ; a Conundrum Entertainment/Charles B. Wessler production ; a Farrelly Brothers movie ; produced by Bradley Thomas [and others] ; story by Charles B. Wessler [and others] ; screenplay by Peter Farrelly & Bobby Farrelly ; directed by Peter Farrelly & Bobby Farrelly.
250 ## - EDITION STATEMENT
Edition statement Widescreen edition.
264 #1 - Production, Publication, Distribution, Manufacture, and Copyright Notice.
Place of production, publication, distribution, manufacture [Beverly Hills, CA] :
Name of producer, publisher, distributor, manufacturer 20th Century Fox Home Entertainment,
Date of production, publication, distribution, manufacture, or copyr [2004]
300 ## - PHYSICAL DESCRIPTION
Extent 1 videodisc (118 min.) :
Other physical details sound, color ;
Dimensions 4 3/4 in.
336 ## - Content Type
Content type term two-dimensional moving image
337 ## - Media type
Media type term video
338 ## - Carrier type
Carrier type term videodisc
538 ## - SYSTEM DETAILS NOTE
System details note DVD, region 1; Dolby digital 5.1 surround sound (English only), Dolby digital 2.0 surround (French or Spanish only).
546 ## - LANGUAGE NOTE
Language note In English, or dubbed French or Spanish, with optional Spanish subtitles.
546 ## - LANGUAGE NOTE
Language note Closed-captioned.
511 1# - PARTICIPANT OR PERFORMER NOTE
Participant or performer note Matt Damon, Greg Kinnear, Eva Mendes, Seymour Cassel, Wen Yann Shih, Cher.
508 ## - CREATION/PRODUCTION CREDITS NOTE
Creation/production credits note Director of photography, Dan Mindel ; editors, Christopher Greenbury, Dave Terman ; costume designer, Deena Appel ; production designer, Sidney J. Bartholomew, Jr.
500 ## - GENERAL NOTE
General note Special features: optional directors audio commentary; deleted and extended scenes (14 min.); "It's funny: the Farrelly formula" featurette (16 min.); "Stuck together" making-of featurette (14 min.); "Making it stick - the makeup effects of Stuck on you" (10 min.); blooper reel (8 min.); teaser trailer (1 min.); theatrical trailer (3 min.).
520 ## - SUMMARY, ETC.
Summary, etc Conjoined twins, Bob and Walt, are happy living their lives together and manage just fine, playing hockey, working at the diner, and cruising for babes, until one decides he wants to be an actor and the other has stage fright and panic attacks.
521 8# - TARGET AUDIENCE NOTE
Target audience note MPAA rating: PG-13; for crude sexual humor and some language.
505 0# - FORMATTED CONTENTS NOTE
Formatted contents note Special features: Anamorphic widescreen -- Full-length audio commentary by the Farrelly Brothers -- Deleted/extended scenes -- Blooper reel -- 3 behind-the-scenes featurettes: "It's Funny" the Farrelly formula ; "Stuck together" bringing Stuck on You to the screen ; "Making it stick" makeup effects of Stuck on You -- Theatrical teaser, trailers -- Language: English 5.1 Dolby surround ; Spanish Dolby surround ; French Dolby surround -- Subtitles: English, Spanish.
521 ## - TARGET AUDIENCE NOTE
Target audience note DVD
Source Donation
650 #0 - SUBJECT ADDED ENTRY--TOPICAL TERM
Topical term or geographic name as entry element Conjoined twins
Form subdivision Drama.
9 (RLIN) 6008234
650 #0 - SUBJECT ADDED ENTRY--TOPICAL TERM
Topical term or geographic name as entry element Motion picture actors and actresses
Form subdivision Drama.
9 (RLIN) 5806033
650 #0 - SUBJECT ADDED ENTRY--TOPICAL TERM
Topical term or geographic name as entry element Brothers
Form subdivision Drama.
9 (RLIN) 5708957
650 #7 - SUBJECT ADDED ENTRY--TOPICAL TERM
Topical term or geographic name as entry element Brothers.
Source of heading or term fast
-- (OCoLC)fst00839665
9 (RLIN) 6008235
650 #7 - SUBJECT ADDED ENTRY--TOPICAL TERM
Topical term or geographic name as entry element Conjoined twins.
Source of heading or term fast
-- (OCoLC)fst00875301
9 (RLIN) 6008236
650 #7 - SUBJECT ADDED ENTRY--TOPICAL TERM
Topical term or geographic name as entry element Motion picture actors and actresses.
Source of heading or term fast
-- (OCoLC)fst01027096
9 (RLIN) 6008237
655 #7 - INDEX TERM--GENRE/FORM
Genre/form data or focus term Comedy films.
Source of term fast
-- (OCoLC)fst01710291
9 (RLIN) 102658
655 #7 - INDEX TERM--GENRE/FORM
Genre/form data or focus term Drama.
Source of term fast
-- (OCoLC)fst01423879
9 (RLIN) 5673873
655 #7 - INDEX TERM--GENRE/FORM
Genre/form data or focus term Feature films.
Source of term fast
-- (OCoLC)fst01710384
9 (RLIN) 6008238
655 #7 - INDEX TERM--GENRE/FORM
Genre/form data or focus term Fiction films.
Source of term fast
-- (OCoLC)fst01710264
9 (RLIN) 5674705
655 #7 - INDEX TERM--GENRE/FORM
Genre/form data or focus term Comedy films.
Source of term lcgft
9 (RLIN) 102658
655 #7 - INDEX TERM--GENRE/FORM
Genre/form data or focus term Fiction films.
Source of term lcgft
9 (RLIN) 5674705
655 #7 - INDEX TERM--GENRE/FORM
Genre/form data or focus term Feature films.
Source of term lcgft
9 (RLIN) 6008238
700 1# - ADDED ENTRY--PERSONAL NAME
Personal name Thomas, Bradley.
Relator code pro
9 (RLIN) 71327
700 1# - ADDED ENTRY--PERSONAL NAME
Personal name Wessler, Charles B.
Relator code pro
9 (RLIN) 71303
700 1# - ADDED ENTRY--PERSONAL NAME
Personal name Farrelly, Bobby,
Dates associated with a name 1958-
Relator term (Screenwriter),
-- (Director)
Relator code pro
9 (RLIN) 66130
700 1# - ADDED ENTRY--PERSONAL NAME
Personal name Farrelly, Peter,
Relator term (Screenwriter),
-- (Director),
Relator code pro
9 (RLIN) 29187
700 1# - ADDED ENTRY--PERSONAL NAME
Personal name Damon, Matt.
Relator code act
9 (RLIN) 46204
700 1# - ADDED ENTRY--PERSONAL NAME
Personal name Kinnear, Greg,
Dates associated with a name 1963-
Relator code act
9 (RLIN) 63926
700 1# - ADDED ENTRY--PERSONAL NAME
Personal name Mendes, Eva,
Dates associated with a name 1974-
Relator code act
9 (RLIN) 70202
700 1# - ADDED ENTRY--PERSONAL NAME
Personal name Cassel, Seymour,
Dates associated with a name 1935-2019.
Relator code act
9 (RLIN) 6008239
700 1# - ADDED ENTRY--PERSONAL NAME
Personal name Shih, Wen Yann.
Relator code act
9 (RLIN) 6008240
700 0# - ADDED ENTRY--PERSONAL NAME
Personal name Cher,
Dates associated with a name 1946-
Relator code act
9 (RLIN) 3329
700 1# - ADDED ENTRY--PERSONAL NAME
Personal name Mindel, Daniel.
Relator code cng
9 (RLIN) 72813
700 1# - ADDED ENTRY--PERSONAL NAME
Personal name Greenbury, Christopher.
Relator code flm
9 (RLIN) 72397
700 1# - ADDED ENTRY--PERSONAL NAME
Personal name Terman, Dave,
Dates associated with a name 1963-
Relator code flm
9 (RLIN) 6008241
700 1# - ADDED ENTRY--PERSONAL NAME
Personal name Appel, Deena.
Relator code cst
9 (RLIN) 75166
700 1# - ADDED ENTRY--PERSONAL NAME
Personal name Bartholomew, Sidney J.,
Titles and other words associated with a name Jr.,
Dates associated with a name 1953-2008.
Relator code prs
9 (RLIN) 6008242
710 2# - ADDED ENTRY--CORPORATE NAME
Corporate name or jurisdiction name as entry element Twentieth Century-Fox Film Corporation.
Relator code prn
9 (RLIN) 5758
710 2# - ADDED ENTRY--CORPORATE NAME
Corporate name or jurisdiction name as entry element Conundrum Entertainment (Firm)
Relator code prn
9 (RLIN) 70611
710 2# - ADDED ENTRY--CORPORATE NAME
Corporate name or jurisdiction name as entry element Twentieth Century Fox Home Entertainment, Inc.
Relator code pbl
9 (RLIN) 61951
942 ## - ADDED ENTRY ELEMENTS (KOHA)
Koha item type DVD
948 ## - LOCAL PROCESSING INFORMATION (OCLC); SERIES PART DESIGNATOR (RLIN)
Series part designator, SPT (RLIN) 08/10/2019
z (OCLC) Sirsi
994 ## -
-- C0
-- WACOL
996 ## -
-- 168564
-- 34301001635715
-- DVD
-- DVD
-- wcl
-- i
-- 0
-- 14.35
-- Donation
-- Stu
-- 08/10/2019
-- 08/13/2019
Holdings
Withdrawn status Lost status Source of classification or shelving scheme Damaged status Not for loan Collection code Home library Current library Shelving location Date acquired Source of acquisition Cost, normal purchase price Total Checkouts Total Renewals Full call number Barcode Date last seen Date checked out Cost, replacement price Price effective from Koha item type
    Dewey Decimal Classification     Movies Wasatch County Library Wasatch County Library Audio Visual Area 08/10/2019 Donation 14.35 2 2 DVD Stu 34301001635715 03/07/2024 01/05/2022 14.35 03/20/2020 DVD
This project was made possible through a grant from the Institute of Museum and Library Service administered by the Utah State Library Division.

Wasatch County Library

  • 465 East 1200 South, Heber City, Utah 84032
  • Phone 435-654-1511 | Fax 435-654-6456

Hours

  • Monday - Friday 9:30 AM - 8:00 PM
  • Saturday 9:30 AM - 1:30 PM
  • Closed Sundays and Holidays